000
00209nam a22001097a 4500
100
_a
Hesse Herman
245
_a
Siddhartha
250
_a
2009
260
_b
Simou & Schuster
300
_a
174
942
_2
ddc
_c
BK
999
_c
11004
_d
11004